000 00591nam a22001817a 4500
005 20170829112144.0
010 _aENG-120132
020 _c1195.00
_a9789350023310
035 _aEN-103664
037 _bDBAD/PUB
082 _a306.42
245 _aLokavidya perspectives :
_cedited by Amit Basole
_ba philosophy of political imagination for the knowledge age /
260 _aDelhi
_bAAKAR BOOKS
_c2015
270 _a28 E Pocket IV, Mayur Vihar Phase I,
_bDelhi
_e110091
300 _axiii,471p.
_c21cm(Hb)
700 _aBasole, Amit
942 _2ddc
_cEN
_h306.42
_mLOK
999 _c143870
_d143870